000 00634nam a2200241 a 4500
001 nice12345678
003 IN_TiNIC
005 20260116013135.0
008 050524s1988 newa grp 000 0 eng
020 _a0824518
_c460
082 0 0 _a291.7
_bMAR
100 _aMarty, Martin E
245 _aPushing the Faith
_b Proselytism and Civility in a Pluralistic World
260 _aNew York
_bCross Road Publishing Co.
_c1988
300 _a190p
500 _aincludes index and biblioraphy
505 2 _anotes
650 _aConversation
650 _aMissions-Congress
902 _bSRS
942 _cBK
999 _c9829
_d9829